| 000 | 01126cam a22002774a 4500 | ||
|---|---|---|---|
| 001 | 14106090 | ||
| 005 | 20060911092806.0 | ||
| 008 | 050913s2007 at a b 001 0 eng | ||
| 010 | _a 2005933769 | ||
| 020 | _a0495093041 (student ed.) | ||
| 020 | _a0495130672 (loose-leaf ed.) | ||
| 040 |
_aDLC _cDLC |
||
| 050 | 0 | 0 |
_aBF713 _b.K336 2007 |
| 082 | 0 | 0 |
_a155.2 _222 _bKAI NR |
| 100 | 1 | _aKail, Robert V. | |
| 245 | 1 | 0 |
_aHuman development : _ba life-span view / _cRobert V. Kail, John C. Cavanaugh. |
| 250 | _a4th ed. | ||
| 260 |
_aAustralia ; _aBelmont, CA : _bThomson/Wadsworth, _cc2007. |
||
| 300 |
_axxiii, 753 p. : _bill. (chiefly col.) ; _c29 cm. |
||
| 504 | _aIncludes bibliographical references (p. [667]-731) and indexes. | ||
| 650 | 0 |
_aDevelopmental psychology _vTextbooks. |
|
| 700 | 1 | _aCavanaugh, John C. | |
| 942 |
_2ddc _cBB |
||
| 999 |
_c10915 _d10915 |
||